LEADER 01157nam a2200277 i 4500 001 991000756249707536 005 20020503201512.0 008 000303s1996 it ita 020 $a881319899X$c50000 035 $ab10124470-39ule_inst 035 $aLE02521675$9ExL 040 $aFac. Economia$bita 082 0 $a658.4013 100 1 $aCiappei, Cristiano$0107550 245 10$aStrategie e assetti imprenditoriali nelle piccole e medie imprese :$bforme di governo e percorsi di apprendimento /$cCristiano Ciappei, Elena Chiari 260 $aPadova :$bCedam,$c1996 300 $axxi, 460 p. ;$c24 cm 650 4$aMedie imprese$xGestione 650 4$aPiccole imprese$xGestione 700 1 $aChiari, Elena$eauthor$4http://id.loc.gov/vocabulary/relators/aut$0545606 907 $a.b10124470$b08-01-19$c27-06-02 912 $a991000756249707536 945 $aLE025 ECO 658.4 CIA01.02$g1$i2025000066403$lle025$nCatalogato 2019$o-$pE0.00$q-$rl$s- $t0$u8$v8$w8$x0$y.i1014612x$z27-06-02 996 $aStrategie e assetti imprenditoriali nelle piccole e medie imprese$91396254 997 $aUNISALENTO 998 $ale025$b01-01-00$cm$da $e-$fita$git $h0$i1